ការប្រើប្រាស់ ថែទាំ ជួសជុល គោយន្តឧបករណ៍កសិកម្ម (Record no. 9336)

000 -LEADER
fixed length control field 00567nam a22001217a 4500
040 ## - CATALOGING SOURCE
Transcribing agency HS
082 ## - DEWEY DECIMAL CLASSIFICATION NUMBER
Classification number 338
110 ## - MAIN ENTRY--CORPORATE NAME
Corporate name or jurisdiction name as entry element ការិយាល័យបណ្តុះបណ្តាល និងអភិវឌ្ឍន៍សហគមន៍
245 ## - TITLE STATEMENT
Title ការប្រើប្រាស់ ថែទាំ ជួសជុល គោយន្តឧបករណ៍កសិកម្ម
260 ## - PUBLICATION, DISTRIBUTION, ETC. (IMPRINT)
Place of publication Cambodia
Name of publisher ការិយាល័យបណ្តុះបណ្តាល និងអភិវឌ្ឍន៍សហគមន៍
Year of publication 2009
300 ## - PHYSICAL DESCRIPTION
Number of Pages 25p;
942 ## - ADDED ENTRY ELEMENTS (KOHA)
Koha item type សៀវភៅភាសាខ្មែរ
952 ## - LOCATION AND ITEM INFORMATION (KOHA)
Withdrawn status [LOCAL, KOHA] 0
952 ## - LOCATION AND ITEM INFORMATION (KOHA)
Withdrawn status [LOCAL, KOHA] 0
Holdings
Permanent Location Date acquired Koha item type Lost status Shelving location Barcode Current Location Full call number
Library Block C2016-08-31សៀវភៅភាសាខ្មែរ C191RUA43984Library Block C338 អភិវឌ្ឍន៍សហគមន៍ 2009 C191 Or.1
Library Block C2016-08-31សៀវភៅភាសាខ្មែរ C191RUA44062Library Block C338 អភិវឌ្ឍន៍សហគមន៍ 2009 C191 Or.2
មជ្ឈមណ្ឌលឯការនៃសាកលវិទ្យាល័យភូមិន្ទកសិកម្មចំការដូង

Powered by Koha